All cities of Turkmenistan - Statistics

General Stats
  • This quiz has been taken 2 times
  • The average score is 6 of 47
Answer Stats
Region City % Correct
Mary Region Mary
100%
Lebap Region Turkmenabat
100%
Balkan Region Turkmenbashy
100%
Mary Region Bayramaly
50%
Daşoguz Region Daşoguz/Dashoguz
50%
Mary Region Serhetabat
50%
Ahal Region Tejen
50%
Mary Region Yoloten
50%
Daşoguz Region Akdepe
0%
Ahal Region Anau
0%
Daşoguz Region Andalyp
0%
Capital Ashabat
0%
Ahal Region Babadayhan
0%
Ahal Region Baherden
0%
Balkan Region Balkanabat
0%
Balkan Region Bereket
0%
Daşoguz Region Boldumsaz
0%
Lebap Region Danew
0%
Lebap Region Darganata
0%
Lebap Region Dostluk
0%
Balkan Region Esenguly
0%
Balkan Region Etrek
0%
Lebap Region Farap
0%
Lebap Region Garabekewul
0%
Balkan Region Garabogaz
0%
Lebap Region Gazojak
0%
Ahal Region Gokdepe
0%
Daşoguz Region Gorogly
0%
Daşoguz Region Gubadag
0%
Balkan Region Gyzylarbat
0%
Lebap Region Halac
0%
Lebap Region Hojambaz
0%
Ahal Region Kaka
0%
Lebap Region Kerki
0%
Daşoguz Region Konye-Urgench
0%
Lebap Region Koytendag
0%
Lebap Region Magdanly
0%
Balkan Region Magtymguly
0%
Mary Region Murgap
0%
Lebap Region Sakar
0%
Mary Region Sakarcaga
0%
Daşoguz Region Saparmyrat Turkmenbashy
0%
Lebap Region Sayat
0%
Lebap Region Seydi
0%
Mary Region Shabat
0%
Mary Region Shatlyk
0%
Mary Region Turkmengala
0%
No matching quizzes found
Score Distribution
Percent of People with Each Score
Percentile by Number Answered
Your Score History
You have not taken this quiz